| 000 | 00465 a2200181 4500 | ||
|---|---|---|---|
| 003 | OSt | ||
| 005 | 20180116182806.0 | ||
| 008 | 160825b xxu||||| |||| 00| 0 eng d | ||
| 020 | _a0 | ||
| 040 | _c0 | ||
| 082 | _a005 SHE 1999 | ||
| 100 | _aBrian Shea | ||
| 245 |
_aVisual Basic Source Code Library _cBrian Shea |
||
| 260 |
_aNew Delhi _bTechmedia _c1999 |
||
| 300 |
_a676 p. _bPB |
||
| 440 | _aVisual Basic Source Code Library | ||
| 942 |
_aNBS _cBK _k005 SHE _2ddc |
||
| 999 |
_c346053 _d346053 |
||